<The> Macroeconomics of happiness

Na minha lista:
Detalhes bibliográficos
Autor principal: Di Tella, Rafael
Outros Autores: MacCulloch, Robert, Oswald, Andrew J.
Formato: Livro
Idioma:inglês
Publicado em: Bonn Zentrum für Europäische Integrationsforschung 1999
Colecção:Working paper B 3
Assuntos:
Tags: Adicionar Tag
Sem tags, seja o primeiro a adicionar uma tag!

MARC

LEADER 00000nam a2200000 4500
001 c131235
005 20221108121850.7
022 |a 1436-6053 
041 0 |a eng 
044 |a DE 
245 1 0 |a <The> Macroeconomics of happiness  |c Rafael Di Tella, Robert MacCulloch and Andrew J. Oswald 
264 1 |a Bonn  |b Zentrum für Europäische Integrationsforschung  |c 1999 
300 |a 32 s. 
490 1 |a Working paper  |v B 3 
830 0 |a Working paper  |v B 3 
610 2 0 |a makroekonomika 
100 1 |a Di Tella, Rafael 
700 1 |a MacCulloch, Robert 
700 1 |a Oswald, Andrew J.